| Tag |
First Indicator |
Second Indicator |
Subfields |
| LEADER |
00000cam a2200000 a 4500 |
| 001 |
in00000001220 |
| 005 |
20151007050350.0 |
| 007 |
he bmb024bbca |
| 008 |
971020s1987 dcua bb f000 0 eng d |
| 035 |
|
|
|a (OCoLC)37809654
|
| 035 |
|
|
|9 AHY0464AM
|
| 037 |
|
|
|a 003-009-00523-0
|b GPO
|f paper copy
|c $14.00
|
| 040 |
|
|
|d GPO
|d DLC
|d MvI
|d UtOrBLW
|
| 043 |
|
|
|a n-us---
|
| 049 |
|
|
|a UMIC
|a UDOC
|
| 074 |
|
|
|a 0231-B-05 (MF)
|
| 086 |
0 |
|
|a C 61.8:EX 7/4/987
|
| 245 |
0 |
4 |
|a The export trading company guidebook /
|c U.S. Department of Commerce, International Trade Administration.
|
| 250 |
|
|
|a Rev. 1987 /
|b by the Office of Export Trading Company Affairs, International Trade Administration, U.S. Department of Commerce.
|
| 264 |
|
1 |
|a Washington, D.C. :
|b The Administration :
|c 1987.
|
| 264 |
|
2 |
|a Washington, D.C. :
|b For sale by the U.S. G.P.O., Supt. of Docs.,
|
| 300 |
|
|
|a viii, 151 pages :
|b illustrations ;
|c 28 cm.
|
| 336 |
|
|
|a text
|b txt
|2 rdacontent
|
| 337 |
|
|
|a microform
|b h
|2 rdamedia
|
| 338 |
|
|
|a microfiche
|b he
|2 rdacarrier
|
| 500 |
|
|
|a "Export trading companies"--Cover.
|
| 500 |
|
|
|a Shipping list number: 97-0887-M.
|
| 500 |
|
|
|a "August 1987."
|
| 504 |
|
|
|a Includes bibliographical references (pages 149-151).
|
| 505 |
0 |
|
|a Export trading companies : a new mechanism for enhancing exports -- How does the export trading company act help you? -- How to decide your role in export trade : establishing an ETC -- Where you can go for help in the government -- Variables in designing an ETC -- Financial considerations in forming an ETC -- Overview of hypothetical ETC examples -- Trade stream model -- Single product model -- Services model -- Hub model -- Bank holding company model -- Single product area model -- Appendix A. Questions and answers on ETC issues -- Appendix B. Government programs by government agency -- Appendix C. District offices of International Trade Administration -- Appendix D. U.S. Foreign Commercial Service posts -- Appendix E. District offices of the Small Business Administration -- Appendix F. Public law 97-290 : export trading company act of 1982 -- Appendix G. Conference report on S.734 -- Appendix H. International banking operations; export trading companies -- Appendix I. Export trade certificates of review final rule -- Appendix J. Guidelines for the issuance of export trade certificates of review (second edition) -- Appendix K. Application for an export trade certificate of review -- Appendix L. Intex et al.; export trade certificates of review.
|
| 533 |
|
|
|a Microfiche.
|b [Washington, D.C.] :
|c Supt. of Docs., U.S. G.P.O.,
|d [1997]
|e 2 microfiches : negative.
|
| 539 |
|
|
|a s
|b 1997
|d dcu
|e n
|g b
|
| 500 |
|
|
|a Microform.
|
| 650 |
|
0 |
|a Export trading companies
|z United States
|x Handbooks, manuals, etc.
|
| 776 |
1 |
|
|c Original
|w (OCoLC)18085652
|
| 710 |
1 |
|
|a United States.
|b International Trade Administration.
|
| 710 |
1 |
|
|a United States.
|b International Trade Administration.
|b Office of Export Trading Company Affairs.
|
| 999 |
|
|
|a MARS
|
| 999 |
f |
f |
|s e3516386-91f2-3440-92c4-6a1ae6dab753
|i 545995e3-59e7-39b7-89b2-98ad121cc179
|t 0
|
| 952 |
f |
f |
|p normal
|a Texas A&M University
|b College Station
|c Sterling C. Evans Library
|d Evans: US Documents Microfiche (3rd floor)
|t 0
|e C 61.8:EX 7/4/987
|h Superintendent of Documents classification
|i microform -- microfiche
|m A14826676389
|
| 952 |
f |
f |
|p normal
|a Texas A&M University
|b College Station
|c Sterling C. Evans Library
|d Evans: US Documents (Annex 5th floor)
|t 0
|e C 61.8:EX 7/4/987
|h Superintendent of Documents classification
|i microform -- microfiche
|m A14826676224
|
| 998 |
f |
f |
|a C 61.8:EX 7/4/987
|t 0
|l Evans: US Documents (Annex 5th floor)
|
| 998 |
f |
f |
|a C 61.8:EX 7/4/987
|t 0
|l Evans: US Documents Microfiche (3rd floor)
|